000 00259nam a22001217a 4500
008 181024b xxu||||| |||| 00| 0 eng d
041 _aeng
080 _a610
100 _a3
101 _aSHM
245 _aThe Medical Millenium
_cLEE.H.J
942 _2udc
_cBK
999 _c50842
_d50842